Introduction to food engineering

Uloženo v:
Podrobná bibliografie
Hlavní autoři: Singh, R. Paul (Autor), Heldman, Dennis R (Autor)
Médium: Kniha
Jazyk:angličtina
Vydáno: San Diego Academic Press 2001
Vydání:3a. ed
Edice:Food Science and Technology
Témata:
Tagy: Přidat tag
Žádné tagy, Buďte první, kdo vytvoří štítek k tomuto záznamu!

MARC

LEADER 00000nam a2200000 a 4500
001 UCL5888
003 CL-VaPUC
005 20230601074027.0
008 040319e20010000US |||||||||||||||||eng|d
999 |c 308264  |d 308262 
020 |a 0126463840 
040 |c Pontificia Universidad Católica de Valparaíso 
082 0 4 |a 664  |b SIN  |2 21 
100 0 |a Singh, R. Paul  |e author  |9 483639 
245 1 0 |a Introduction to food engineering 
250 |a 3a. ed 
260 |a San Diego  |b Academic Press  |c 2001 
300 |a 659 p 
490 0 |a Food Science and Technology 
583 |a last modification  |c 20040319 00:00:00  |k Rodrigo Vera 
600 0 |9 405372  |a Singh, R. Paul  |e author 
650 0 |a Tecnología de alimentos  |2 CL-VaPUC  |9 259595 
650 0 |a Industria alimentaria  |9 331702 
700 |a Heldman, Dennis R  |e author  |9 572937 
942 |c BK  |2 ddc 
945 |d 20040319 00:00:00  |a cmena 
952 |0 0  |1 0  |4 0  |6 664_000000000000000_SIN_2001  |7 0  |8 A  |9 374612  |a BIBALI  |b BIBALI  |c RES  |d 2019-11-21  |i 3998053  |o 664 SIN 2001  |p 3998053  |r 2025-01-20  |w 2019-11-21  |y BK_R  |k ALI 
952 |0 0  |1 0  |4 0  |6 664_000000000000000_SIN_2001  |7 0  |8 A  |9 374613  |a BIBING  |b BIBING  |d 2019-11-21  |i 4403568  |o 664 SIN 2001  |p 4403568  |r 2025-01-20  |w 2019-11-21  |y BK  |k EIB 
952 |0 0  |1 0  |4 0  |6 664_000000000000000_SIN_2001  |7 0  |8 A  |9 374614  |a BIBING  |b BIBING  |d 2019-11-21  |i 4403576  |o 664 SIN 2001  |p 4403576  |r 2025-01-20  |w 2019-11-21  |y BK  |k EIB 
952 |0 0  |1 0  |4 0  |6 664_000000000000000_SIN_2001  |7 0  |8 A  |9 374615  |a BIBING  |b BIBING  |d 2019-11-21  |i 4403584  |l 2  |o 664 SIN 2001  |p 4403584  |q 2022-07-29  |r 2022-06-01  |s 2022-06-01  |w 2019-11-21  |y BK  |k EIB